00431nam a2200133Ia 4500008004100000020001800041082002600059100003100085245010100116250000600217260002300223300001600246650003500262120622s9999 xx 000 0 und d a968-24-1964-6 a347.07 B859j v.2 1986 aBriseño Sierra, Humberto aEl juicio ordinario civil : doctrina, legislación y jurisprudencia / Humberto Briseño Sierra a2 aMéxico : Trillas ap. 604-1392 a1. PROCESOS (DERECHO CIVIL)Ì